000 00611cam a22002053a 4500
001 39516
003 PGUSA
005 20140828083858.0
008 120423s2012||||xxu|||||s|||||000 | eng d
040 _aPGUSA
_beng
042 _adc
100 1 _aSinclair, Upton,
_d1878-1968
245 1 2 _aA Captain of Industry :
_bBeing the Story of a Civilized Man
_h[electronic resource] /
_cUpton Sinclair
260 _bProject Gutenberg,
_c2012
506 _aPublic domain in the USA.
516 _aElectronic text
830 0 _aProject Gutenberg
_v39516
856 4 0 _uhttp://www.gutenberg.org/ebooks/39516
942 _cEB
999 _c268769
_d268769